<?xml version="1.0" encoding="UTF-8"?>
<record
    xmlns:xsi="http://www.w3.org/2001/XMLSchema-instance"
    xsi:schemaLocation="http://www.loc.gov/MARC21/slim http://www.loc.gov/standards/marcxml/schema/MARC21slim.xsd"
    xmlns="http://www.loc.gov/MARC21/slim">

  <leader>00448    a2200133   4500</leader>
  <controlfield tag="001">ART_45079</controlfield>
  <controlfield tag="005">20260410162038.0</controlfield>
  <controlfield tag="008">260409a                                 </controlfield>
  <datafield tag="245" ind1="1" ind2="0">
    <subfield code="a">Relocalizaci&#xF3;n, diversificaci&#xF3;n, reestructuraci&#xF3;n, reconversi&#xF3;n productiva</subfield>
  </datafield>
  <datafield tag="100" ind1="1" ind2=" ">
    <subfield code="a">Rosa, Paula</subfield>
  </datafield>
  <datafield tag="700" ind1="1" ind2=" ">
    <subfield code="a">Laurelli, Elsa</subfield>
  </datafield>
  <datafield tag="700" ind1="1" ind2=" ">
    <subfield code="a">Garc&#xED;a, Ariel</subfield>
  </datafield>
  <datafield tag="773" ind1="0" ind2=" ">
    <subfield code="t">Revista de estudios regionales y mercado de trabajo</subfield>
    <subfield code="g">- N&#xBA; 5 (ene./dic. 2009)</subfield>
    <subfield code="w">REV44894</subfield>
  </datafield>
  <datafield tag="999" ind1=" " ind2=" ">
    <subfield code="c">34649</subfield>
    <subfield code="d">34649</subfield>
  </datafield>
</record>
